Latinoamérica en la conciencia europea, Europa en la conciencia latinoamericana /
Memorias del seminario internacional "Latinoamérica en la conciencia europea, Europa en la conciencia latinoamericana", organizado por la Sociedad Europea de Cultura (SEC) del 26 al 28 de febrero de 1998 en la ciudad de México, donde una veintena de estudiosos de varios campos de las ciencias social...
Kaydedildi:
| Müşterek Yazar: | |
|---|---|
| Diğer Yazarlar: | , |
| Materyal Türü: | Konferans Sunumu Kitap |
| Dil: | İspanyolca |
| Baskı/Yayın Bilgisi: |
México :
Fondo de Cultura Económica,
1999, c1999
|
| Seri Bilgileri: | (Sección de Obras de Historia)
|
| Konular: | |
| Etiketler: |
Etiket eklenmemiş, İlk siz ekleyin!
|
MARC
| LEADER | 00000nam^a2200000^a^4500 | ||
|---|---|---|---|
| 001 | 000114988 | ||
| 005 | 20250521000000.0 | ||
| 009 | 20260310094038.852 | ||
| 020 | |a 968-16-5986-4 | ||
| 037 | |a Acervo ITESO - Biblioteca | ||
| 041 | |a ESP | ||
| 082 | |a 980. |b SEM | ||
| 111 | |a Seminario Internacional Latinoamérica en la conciencia europea, Europa en la conciencia latinoamericana ( |d 26-28 de enero de 1998 : |c México) | ||
| 245 | 1 | 0 | |a Latinoamérica en la conciencia europea, Europa en la conciencia latinoamericana / |c Coord. de P. Galeana de Valadés ; presen. de L. Zea. |
| 264 | 4 | |a México : |b Fondo de Cultura Económica, |c 1999, c1999 | |
| 300 | |a 229 p. | ||
| 336 | |a texto |b txt |2 rdacontenido | ||
| 337 | |a sin mediación |b n |2 rdamedio | ||
| 338 | |a volumen |b nc |2 rdasoporte | ||
| 440 | 1 | |a (Sección de Obras de Historia) | |
| 520 | |a Memorias del seminario internacional "Latinoamérica en la conciencia europea, Europa en la conciencia latinoamericana", organizado por la Sociedad Europea de Cultura (SEC) del 26 al 28 de febrero de 1998 en la ciudad de México, donde una veintena de estudiosos de varios campos de las ciencias sociales compartieron sus reflexiones a propósito de los vínculos culturales, las contribuciones mutuas y las representaciones que se han construido una de la otra, América Latina y Europa durante cinco siglos de historia compartida. | ||
| 649 | |a XX | ||
| 650 | |a Cosmovisión | ||
| 650 | |a Cultura | ||
| 650 | |a Historiografía | ||
| 650 | |a Europa - |x Historia | ||
| 650 | |a América - |x Historia | ||
| 650 | |a Latinoamérica - |x Historia | ||
| 700 | |a Galeana de Valadés, Patricia |e (coordinación) | ||
| 700 | |a Zea, Leopoldo |e (presentación) | ||
| 910 | |a Fondo General | ||
| 920 | |a Impresos - Libros | ||
| 930 | |a Colección General | ||
| 905 | |a 101 | ||
| 901 | |a 0500051541 |b IT1 |c ACC |u 20250521 | ||
| 902 | |a https://opac.biblio.iteso.mx/vufind/Record/000114988 | ||